| 000 | 01306naa a22002777a 4500 | ||
|---|---|---|---|
| 001 | BR2013006209 | ||
| 003 | BR-BrBNA | ||
| 005 | 20250721155550.0 | ||
| 007 | ta | ||
| 008 | 250630b bl.|||m| |||| 00| 0 por d | ||
| 040 |
_aBR-BrBNA _bpor _cBiblioteca Nacional de Agricultura |
||
| 041 | _a(Pt) | ||
| 072 | _aA50 | ||
| 090 | _aA50 BR2013006209 | ||
| 100 | 1 | _aHarkaly, A. | |
| 111 | 1 |
_a1. Encontro Nacional sobre Produção Orgânica de Hortaliças _cVitória, ES (Brazil) _d27-30 Apr 1998 |
|
| 245 | 1 | _aPrograma e ações de pesquisa em olericultura orgânica no Brasil | |
| 500 | _a1. Encontro Nacional sobre Produção Orgânica de Hortaliças. Palestras e trabalhos técnicos Souza, J.L. deCarmo, C.A.S. do Vitória, Es (Brasil): 1998. p. 75-76 [19 ref.] (BR2013006209-AMS) | ||
| 773 | 0 |
_t1. Encontro Nacional sobre Produção Orgânica de Hortaliças. Palestras e trabalhos técnicos _aSouza, J.L. de; Carmo, C.A.S. do. Empresa Capixaba de Pesquisa Agropecuária, Vitória, Es (Brasil) _wA50 BR2013006209 _gVitória, Es (Brasil), 1998. p. 75-76 |
|
| 650 | _aPESQUISA | ||
| 650 | _aOLERICULTURA | ||
| 650 | _aHORTALIÇA | ||
| 490 |
_aDocumentos - Empresa Capixaba de Pesquisa Agropecuária (Brazil) _vno. 96 _xISSN 0101-8949 |
||
| 942 |
_cAMS _2AGRIS |
||
| 909 |
_a202506 _bLúcia _c55 _dLúcia Elande |
||
| 999 |
_c337272 _d337272 |
||